000 00695nam a22001815i 4500
001 178567
003 ES-MaACL
005 20230906220547.0
008 110608s1995 sp o |||| | spa d
020 _a84-87277-83-7
080 _a376.7(460.182 B.)(091)
100 1 _aMínguez Álvarez, Constancio.
_9146974
245 1 3 _aEl Colegio de Sordo-mudos y Ciegos de Burgos /
_cConstancio Mínguez Álvarez.
260 _aMadrid :
_bONCE, Departamento de Servicios Sociales para Afiliados, Sección de Cultura,
_cD. L. 1995.
300 _a144 p. , [1] h. pleg. :
_bfot. bl. y n. ;
_c23 cm.
610 2 4 _aColegio de Sordo-mudos y Ciegos (Burgos)-
_xHistoria.
_9146975
852 _aES-MaACL
_jE-15309
999 _c178567
_d178567